Dates de Naissance de Rois de France (Partie 1) - Statistiques

Statistiques générales
  • Ce quiz a été pris 68 fois
  • Le résultat moyen est 10 sur 15
Statistiques - réponses
Hint Réponse % Correct
Clovis Ier 465
91%
Louis XV 1710
89%
Louis XVIII 1755
89%
Pépin le Bref 715
87%
François Ier 1494
80%
Louis Ier le Pieux 778
78%
Henri III 1551
74%
Charles VII 1403
67%
Charles IV 1294
65%
Charles V le Sage 1338
63%
Louis XII 1462
59%
Philippe Ier 1052
57%
Louis VIII 1187
57%
Robert II 972
54%
Charles VIII 1470
30%
Aucun quiz correspondant
Distribution des résultats
% des personnes avec chaque résultat
Percentile par nombre de réponses
Votre historique - résultats
Vous n’avez pas pris ce quiz